00403nam a22001337a 4500008004100000020002200041040005500063080001900118245004200137260004800179300001600227650001100243653001500254230627b |||||||| |||| 00| 0 eng d a978-1-59339-428-8 aNational Science LibrarycNational Science Library aR 912(100)bP8 aEncyclopaedia britannica world atlas  aChicago: bEncyclopaedia Britannica, c2008 axxv, 366p.  aAtlas  aGeography